| 000 | 00789nam a22002177a 4500 | ||
|---|---|---|---|
| 003 | OSt | ||
| 005 | 20240724142931.0 | ||
| 008 | 240709b ||||| |||| 00| 0 eng d | ||
| 022 | _209749306 | ||
| 040 | _cAIMIT LIBRARY | ||
| 082 |
_a338.9 _bINFD |
||
| 110 |
_aIndia Development Foundation _9172933 |
||
| 245 |
_aJournal of infrastructure development / _cBy India Development Foundation. |
||
| 260 |
_aNew Delhi : _bSage Publications , _c2017. |
||
| 300 |
_bHB _c24.4 cm. |
||
| 440 |
_aJournal of infrastructure development _vVol.7 No.1&2/2015, Vol.8 No.1&2/2016, Vol.9 No.9/2017 _9172934 |
||
| 650 |
_aTransport infrastructure and economic growthBuid _9172935 |
||
| 650 |
_aBuilding better Nation _9172936 |
||
| 650 |
_aEmpirical re-examination _9172937 |
||
| 942 |
_2ddc _cBV _k338.9 INFD |
||
| 999 |
_c231415 _d231415 |
||